Ice Station Zebra. (Record no. 233444)

000 -LEADER
fixed length control field 00657cam a22002171 4500
001 - CONTROL NUMBER
control field 4531654
003 - CONTROL NUMBER IDENTIFIER
control field Nust
005 - DATE AND TIME OF LATEST TRANSACTION
control field 20170308094131.0
008 - FIXED-LENGTH DATA ELEMENTS--GENERAL INFORMATION
fixed length control field 751229s1963 nyu 000 1 eng
010 ## - LIBRARY OF CONGRESS CONTROL NUMBER
LC control number 63017272
020 ## - INTERNATIONAL STANDARD BOOK NUMBER
International Standard Book Number 9780006161417
040 ## - CATALOGING SOURCE
Original cataloging agency DLC
Transcribing agency Ak
Modifying agency DLC
050 00 - LIBRARY OF CONGRESS CALL NUMBER
Classification number PZ4.M1626
Item number Ic2
Classification number PR6063.A248
082 ## - DEWEY DECIMAL CLASSIFICATION NUMBER
Classification number 823.914
Author Mark MAC
100 1# - MAIN ENTRY--PERSONAL NAME
Personal name MacLean, Alistair,
Dates associated with a name 1922-1987.
245 10 - TITLE STATEMENT
Title Ice Station Zebra.
250 ## - EDITION STATEMENT
Edition statement [1st ed.]
260 ## - PUBLICATION, DISTRIBUTION, ETC.
Place of publication, distribution, etc. Garden City, N.Y.,
Name of publisher, distributor, etc. Doubleday,
Date of publication, distribution, etc. 1963.
300 ## - PHYSICAL DESCRIPTION
Extent 392 p.
Dimensions 22 cm.
655 #7 - INDEX TERM--GENRE/FORM
Genre/form data or focus term Adventure stories.
Source of term gsafd
906 ## - LOCAL DATA ELEMENT F, LDF (RLIN)
a 7
b cbc
c orignew
d u
e ocip
f 19
g y-gencatlg
942 ## - ADDED ENTRY ELEMENTS (KOHA)
Source of classification or shelving scheme
Koha item type Book
Holdings
Withdrawn status Lost status Source of classification or shelving scheme Damaged status Not for loan Collection code Permanent Location Current Location Shelving location Date acquired Total Checkouts Full call number Barcode Date last seen Copy number Price effective from Koha item type
            Central Library (CL) Central Library (CL) Fiction 03/08/2017   823.914 MAC CL327 03/08/2017 1 03/08/2017 Book
© 2023 Central Library, National University of Sciences and Technology. All Rights Reserved.